|
|
|
|
| LEADER |
00000nam a22000007a 4500 |
| 005 |
20140714213032.0 |
| 007 |
cr|||| |||| |
| 008 |
140714s2013 ar |||||s|||| 00||0 spa d |
| 020 |
|
|
|a 978-987-9086-67-4
|
| 035 |
|
|
|a 12254
|
| 040 |
|
|
|a vLex
|
| 090 |
|
|
|c 5041
|d 5041
|
| 100 |
1 |
|
|a Bastons, Jorge Luis
|
| 245 |
1 |
0 |
|a Comentarios a la ley de empleo pb︢lico municipal bonaerense
|h [Recurso electrn̤ico] /
|c Jorge Luis Bastons, Ral︢ Luis Montero
|
| 256 |
1 |
|
|a Servicio en ln̕ea
|
| 260 |
|
|
|a Ciudad Autn̤oma de Buenos Aires:
|b Editorial Scotti Libros,
|c 2013
|
| 300 |
|
|
|a 1 recurso electrn̤ico
|
| 506 |
1 |
|
|a Disponible solo en los productos indicados
|d vLex Global
|d vLex Global (Academic Edition, excluding Law Schools)
|d vLex Global (U.S. Academic Edition, Law Schools)
|d vLex Global (U.S. Academic Edition, excluding Law Schools)
|d vLex Global (Academic Edition, Law Schools)
|
| 650 |
0 |
4 |
|a Derecho Laboral y Seguridad Social
|z Argentina
|
| 700 |
1 |
|
|a Montero, Ral︢ Luis
|
| 740 |
0 |
|
|a vLex Libros (Servicio en ln̕ea)
|
| 856 |
4 |
0 |
|u http://vlex.com/source/comentarios-ley-empleo-publico-municipal-bonaerense-12254
|z Acceso restringido
|
| 942 |
|
|
|c BOOK
|
| 999 |
0 |
|
|a Labor Law and Social Security
|